Consiga el éxito en su trayectoria profesional: desde los años 20 hasta los 60 años, desde un buen empleo o desde el paro, es posible diseñar y aplicar con eficacia su propia estrategia personal y profesional E.P.P
保存先:
| 主要な著者: | , |
|---|---|
| フォーマット: | 図書 |
| 言語: | スペイン語 |
| 出版事項: |
Barcelona
Gestión 2000
2003
|
| 主題: | |
| タグ: |
タグ追加
タグなし, このレコードへの初めてのタグを付けませんか!
|
MARC
| LEADER | 00000nam a2200000 a 4500 | ||
|---|---|---|---|
| 001 | UCI9866 | ||
| 003 | CL-VaPUC | ||
| 008 | 081212e20030000SP |||||||||||||||||spa|d | ||
| 020 | |a 8480888482 | ||
| 082 | 0 | 4 | |a 658.3124 |b LLA |2 21 |
| 100 | |a Lladó, Jaime |e autor |9 533857 | ||
| 700 | 0 | |a Valls, Antonio |e author |9 533858 | |
| 245 | 1 | 0 | |a Consiga el éxito en su trayectoria profesional: desde los años 20 hasta los 60 años, desde un buen empleo o desde el paro, es posible diseñar y aplicar con eficacia su propia estrategia personal y profesional E.P.P |
| 300 | |a 162 p | ||
| 942 | |c BK | ||
| 945 | |d 20081212 00:00:00 |a jtorresc | ||
| 260 | |a Barcelona |b Gestión 2000 |c 2003 | ||
| 650 | 0 | |a Desarrollo profesional |9 492436 | |
| 650 | 0 | |a Administración de empresas |9 260833 | |
| 650 | 0 | |a Recursos humanos |9 228420 | |
| 583 | |a last modification |c 20170426 04:08:26 |k Rodrigo Vera | ||
| 999 | |c 332313 |d 332311 | ||
| 952 | |0 0 |1 0 |4 0 |6 658_312400000000000_LLA_2003 |7 0 |8 A |9 419920 |a BIBEDU |b BIBEDU |d 2019-11-22 |i 4505603 |o 658.3124 LLA 2003 |p 4505603 |r 2019-11-22 |w 2019-11-22 |y BK |k EBA | ||